How much extra affordable housing is needed in England ? (Record no. 76012)

MARC details
000 -LEADER
fixed length control field 01235cab a2200205 4500
001 - CONTROL NUMBER
control field ##L131272
008 - FIXED-LENGTH DATA ELEMENTS--GENERAL INFORMATION
fixed length control field 051017n2005 000 0 eng u
035 ## - SYSTEM CONTROL NUMBER
System control number (Sirsi) u131272
041 0# - LANGUAGE CODE
Language code of text/sound track or separate title eng
100 1# - MAIN ENTRY--PERSONAL NAME
Personal name Bramley, Glen
245 00 - TITLE STATEMENT
Title How much extra affordable housing is needed in England ?
260 3# - PUBLICATION, DISTRIBUTION, ETC.
Date of publication, distribution, etc. 2005
490 #0 - SERIES STATEMENT
Series statement Housing Studies
Volume/sequential designation 20(5) September 2005, 685-715(30)
520 ## - SUMMARY, ETC.
Summary, etc. Buoyant housing markets in the UK have brought into sharper focus the issues of housing affordability, housing need and affordable housing solutions. Examines the concept of affordability, the measurement of affordability and access to home ownership, modelling of local affordability and need, affordability over space and time and the intermediate market. Presents and assesses measures of recent and prospective needs for additional affordable housing, derived from this analysis of affordability, and links the findings to the policy debate on housing and planning policy. Statistics and data tables support the research presented. References.
590 ## - LOCAL NOTE (RLIN)
Local note IKA251005
650 ## - SUBJECT ADDED ENTRY--TOPICAL TERM
Topical term or geographic name entry element Affordable housing
9 (RLIN) 6215
690 ## - LOCAL SUBJECT ADDED ENTRY--TOPICAL TERM (OCLC, RLIN)
Topical term or geographic name as entry element PROPERTY-RESIDENTIAL PROPERTY-RESIDENTIAL PROPERTY DEVELOPMENT
700 1# - ADDED ENTRY--PERSONAL NAME
Personal name Karley, Noah Kofi
942 ## - ADDED ENTRY ELEMENTS (KOHA)
Suppress in OPAC 0
Holdings
Withdrawn status Lost status Source of classification or shelving scheme Damaged status Not for loan Home library Current library Shelving location Date acquired Total Checkouts Full call number Barcode Date last seen Copy number Price effective from Koha item type
    Dewey Decimal Classification     London London Journal article 17/10/2005   L131272 131272-1001 06/08/2019 1 06/08/2019 Journal article